00691nam a2200157Ia 4500008004100000100002700041245014500068245007300213260005300286260001800339300000800357650001500365856006100380999001900441952007300460170221s9999 xx 000 0 und d aMarina V. Verkhovskaya aParticularities of the Implement of Quality Management System Based on the Requirements of the ISO 9001 in the Telecommunications Companies  cMarina V. Verkhovskaya, Ekaterina V. Men’shikova, Oleg V. Khazanov bInternational Review of Management and Marketing cDecember 2013 a5:2 xMarketing. uhttp://www.econjournals.com/index.php/irmm/issue/view/82 c310296d310296 001040aCLbCLd2017-02-21l0r2017-02-21 00:00:00w2017-02-21yFOJ